| 000 | 00894nam a2200253 ib4500 | ||
|---|---|---|---|
| 003 | IT-RoINE | ||
| 005 | 20180717100931.0 | ||
| 008 | 040211s1838 fr |r 000|||lat|d | ||
| 040 |
_cIT-RoINE _dIT-RoINE |
||
| 041 | 7 |
_alat _2ISO-639-2 |
|
| 110 | 2 |
_aJesuitas _9187 |
|
| 245 | 0 | 1 | _aOrdinationes praepositorum generalium et instructiones ad provinciales et superiores societatis. |
| 260 |
_aAvenione : _bex typographia Francisci Seguin, _c1838. |
||
| 300 |
_a763 p. ; _c22 cm. |
||
| 336 |
_2rdacontent _atext |
||
| 337 |
_2rdamedia _aunmediated |
||
| 338 |
_2rdacarrier _avolume |
||
| 500 | _aPrefacción de Bernardo Angeli. | ||
| 500 | _aIncluye "Index generalis instituti Societatis Jesu": p. [371]-763. | ||
| 500 | _a"Septimæ Congregationis Generalis contractæ": p. [5]. | ||
| 610 | 2 | 4 |
_928827 _aJesuitas _xReglas |
| 700 | 1 |
_aAngeli, Bernardo d', _d1561-1623 _951732 |
|
| 942 | _cMTS | ||
| 999 |
_c26125 _d26125 |
||